| 000 | 00609pam a2200181 i 4500 | ||
|---|---|---|---|
| 020 | _a0070840776 | ||
| 020 | _a0070840792 pbk. : | ||
| 082 | 0 | 0 |
_a624.15136 _bATK _cL-16, P-42 |
| 100 | 1 |
_aAtkinson, John, _942454 |
|
| 245 | 1 | 4 |
_aThe mechanics of soils : _ban introduction to critical state soil mechanics / _cJ. H. Atkinson, P. L. Bransby. |
| 260 |
_aLondon ; _aNew York : _bMcGraw-Hill Book Co., _cc1978. |
||
| 300 |
_axix, 375 p. : _bill. ; _c23 cm. |
||
| 526 |
_a0 _b0 _c0 _d624_151360000000000_ATK |
||
| 650 | 0 |
_aMCE _9379 |
|
| 650 | 0 | _aSoil mechanics. | |
| 700 | 1 |
_aBransby, P. L., _942455 |
|
| 942 |
_2ddc _cBK |
||
| 999 |
_c546342 _d546342 |
||